=LDR 00000nam 2200000 4500 =001 INLIS000000000056906 =005 20201105085638 =035 ##$$a 0010-1020000099 =007 ta =008 201105################g##########0#eng## =020 ##$$a 979-416-145--4 =082 ##$$a 320.959 8 =084 ##$$a 320.959 8 SAI g =100 1#$$a Said Salim =245 1#$$a Genesis of power : $b General Sudirman and the Indonesian military in politics 1945-46 /$c Salim Said =250 ##$$a cet.1 =260 ##$$a Jakarta :$b Pustaka sinar harapan,$c 1992 =300 ##$$a 218 hlm., : $b ilus, ; $c 15 x 23 cm =600 #4$$a General Sudirman-Military =990 ##$$a 1199701329 =990 ##$$a 114.907 pro.97